[Event "69th POL-ch"]
[Site "Warsaw POL"]
[Date "2012.02.25"]
[Round "8"]
[White "Markowski, Tomasz"]
[Black "Tomczak, Jacek"]
[Result "1-0"]
[WhiteElo "2612"]
[BlackElo "2543"]
[EventDate "2012.02.18"]
[PlyCount "207"]

1.d4 Nf6 2.c4 g6 3.g3 Bg7 4.Bg2 d5 5.cxd5 Nxd5 6.Nc3 Nb6 7.e3 O-O 8.Nge2 
e5 9.d5 c6 10.e4 cxd5 11.exd5 Na6 12.O-O Bf5 13.b3 Qd7 14.Ba3 Rfd8 15.Qd2 
Bh3 16.Rfd1 Bxg2 17.Kxg2 Nc7 18.d6 Ne6 19.Rac1 h5 20.f3 Kh7 21.Qd3 f5 22.
Nd5 e4 23.fxe4 fxe4 24.Qxe4 Ng5 25.Qd3 Qh3+ 26.Kh1 Nxd5 27.Qxd5 Qg4 28.Ng1
Ne4 29.Rf1 Rf8 30.d7 Nf2+ 31.Kg2 Rf5 32.Qxb7 Rb8 33.Qc6 Nd3 34.Rxf5 gxf5 
35.Rf1 Rd8 36.Nf3 Qe4 37.Qxe4 fxe4 38.Ng5+ Kg6 39.Nxe4 Rxd7 40.Nd6 Bb2 41.
Bxb2 Rxd6 42.Bh8 Rc6 43.a4 Rc2+ 44.Kg1 Nc5 45.b4 Nxa4 46.Ra1 Nb6 47.Rxa7 
Nd5 48.b5 Rc1+ 49.Kg2 Rb1 50.Rb7 Kf5 51.Kh3 Rb4 52.Rh7 Kg6 53.Rg7+ Kh6 54.
Rb7 Kg5 55.Be5 Rb3 56.Bd6 Rb2 57.Rb8 Rb3 58.Rg8+ Kf6 59.Rb8 Kg5 60.Rb7 Rb2
61.Bc5 Rb3 62.Kg2 Rb2+ 63.Kf3 Rb3+ 64.Kf2 Rb2+ 65.Ke1 Nc3 66.Bd4 Rb1+ 67.
Kf2 Nxb5 68.h3 Rb3 69.Be3+ Kg6 70.Rb6+ Kf5 71.Rb8 Rb2+ 72.Kf1 Rb1+ 73.Kg2 
Rb2+ 74.Bf2 Rb1 75.Rf8+ Kg6 76.Rg8+ Kf6 77.Rh8 Kg6 78.Be3 Nc3 79.Rh6+ Kf5 
80.Rxh5+ Ke4 81.Bf2 Rb2 82.Rh4+ Kf5 83.Rf4+ Kg6 84.g4 Nd5 85.Rf3 Nf6 86.
Re3 Rb4 87.Kf3 Nd5 88.Re6+ Kf7 89.Re5 Rb3+ 90.Be3 Nf6 91.Kf4 Rb4+ 92.Kg5 
Ne4+ 93.Kh6 Nf6 94.Rf5 Ke6 95.Kg5 Ne4+ 96.Kh4 Nf6 97.Rf4 Ne4 98.Rf8 Nf6 
99.Bg5 Ne4 100.Bh6 Nd6 101.Rf3 Rb7 102.Kh5 Rb5+ 103.Kg6 Rd5 104.Re3+ 1-0

[Event "69th POL-ch"]
[Site "Warsaw POL"]
[Date "2012.02.25"]
[Round "8"]
[White "Hnydiuk, Aleksander"]
[Black "Dragun, Kamil"]
[Result "1/2-1/2"]
[WhiteElo "2409"]
[BlackElo "2420"]
[EventDate "2012.02.18"]
[PlyCount "132"]

1.d4 Nf6 2.Nf3 g6 3.c4 Bg7 4.Nc3 c5 5.e4 cxd4 6.Nxd4 d6 7.Be2 O-O 8.O-O 
Nc6 9.Nc2 Nd7 10.Bd2 Nc5 11.b4 Ne6 12.Rc1 Ncd4 13.Nxd4 Nxd4 14.Be3 Nxe2+ 
15.Qxe2 b6 16.Rfd1 Ba6 17.a4 Rc8 18.b5 Bb7 19.a5 Bxc3 20.Rxc3 Qc7 21.e5 d5
22.a6 Ba8 23.c5 Qxe5 24.Qd2 bxc5 25.Rxc5 Rxc5 26.Bxc5 d4 27.Qxd4 Qg5 28.f3
Bxf3 29.Rd2 Rc8 30.Ba3 Ba8 31.Re2 Qxb5 32.Bb2 f6 33.Rxe7 Qxa6 34.h3 Qc6 
35.Re2 a5 36.Qxf6 Qxf6 37.Bxf6 Kf7 38.Bg5 Rc7 39.Ra2 Ra7 40.Ra3 a4 41.Be3 
Ra6 42.Bc5 Ke6 43.Rd3 Be4 44.Rd4 Ke5 45.Rd7 a3 46.Bd4+ Ke6 47.Rxh7 a2 48.
Rh4 a1=Q+ 49.Bxa1 Rxa1+ 50.Kh2 Ke5 51.Rg4 Ra2 52.Rg5+ Kf4 53.Rg4+ Ke3 54.
Rg3+ Kf2 55.Rg4 Re2 56.Rf4+ Ke1 57.Rg4 Bf5 58.Rf4 Re3 59.h4 Bd3 60.g4 Ke2 
61.h5 g5 62.Rf7 Be4 63.h6 Rf3 64.h7 Rxf7 65.h8=Q Rh7+ 66.Kg3 Rxh8 1/2-1/2

[Event "69th POL-ch"]
[Site "Warsaw POL"]
[Date "2012.02.25"]
[Round "8"]
[White "Strzemiecki, Zbigniew"]
[Black "Kolosowski, Mateusz"]
[Result "1-0"]
[WhiteElo "2402"]
[BlackElo "2439"]
[EventDate "2012.02.18"]
[PlyCount "89"]

1.e4 e5 2.Nf3 Nc6 3.Bc4 Bd6 4.O-O Nf6 5.Nc3 O-O 6.a3 h6 7.d3 Re8 8.Nh4 Nd4
9.Be3 c6 10.Ba2 Bc7 11.h3 d5 12.exd5 Nxd5 13.Nf3 Nxe3 14.fxe3 Nf5 15.Re1 
Bb6 16.Qd2 Nxe3 17.Rxe3 e4 18.Nh2 exd3 19.Nf1 Qg5 20.Re1 Bxh3 21.cxd3 Bxg2
22.Qxg2 Rxe3 23.Nxe3 Bxe3+ 24.Kf1 Qf5+ 25.Ke2 Bd4 26.Rf1 Qh5+ 27.Kd2 Rf8 
28.Kc2 Qc5 29.Qg6 Bxc3 30.Bxf7+ Kh8 31.bxc3 Qxa3 32.d4 Rd8 33.Rh1 Qf8 34.
Bc4 Rd6 35.Qe4 Rf6 36.Bd3 g6 37.Qe5 Kh7 38.Re1 Qf7 39.Bc4 Qg7 40.Re2 h5 
41.Kb2 Kh6 42.Qe8 b5 43.Bd3 Rd6 44.Qe3+ Kh7 45.Qg5 1-0

[Event "69th POL-ch"]
[Site "Warsaw POL"]
[Date "2012.02.26"]
[Round "9"]
[White "Bartel, Mateusz"]
[Black "Markowski, Tomasz"]
[Result "1-0"]
[WhiteElo "2658"]
[BlackElo "2612"]
[EventDate "2012.02.18"]
[PlyCount "57"]

1.e4 c5 2.Nf3 e6 3.Nc3 a6 4.g3 b5 5.Bg2 Bb7 6.d3 d6 7.O-O Nf6 8.Ng5 Nc6 9.
f4 Be7 10.Ne2 O-O 11.c3 d5 12.e5 Nd7 13.d4 b4 14.h4 h6 15.Nh3 a5 16.f5 
exf5 17.Rxf5 bxc3 18.bxc3 cxd4 19.cxd4 Ba6 20.Nhf4 Nb6 21.Rb1 g6 22.Nxg6 
fxg6 23.Rxf8+ Bxf8 24.Nf4 Rb8 25.Qg4 Qe8 26.Nxg6 Bg7 27.Rxb6 Rxb6 28.Bxd5+
Kh7 29.Qf5 1-0

[Event "69th POL-ch"]
[Site "Warsaw POL"]
[Date "2012.02.26"]
[Round "9"]
[White "Miton, Kamil"]
[Black "Bulski, Krzysztof"]
[Result "1-0"]
[WhiteElo "2623"]
[BlackElo "2523"]
[EventDate "2012.02.18"]
[PlyCount "75"]

1.d4 Nf6 2.c4 g6 3.Nc3 d5 4.Nf3 Bg7 5.Qb3 dxc4 6.Qxc4 O-O 7.e4 Na6 8.Be2 
c5 9.d5 e6 10.O-O exd5 11.exd5 Bf5 12.Bg5 Qb6 13.Qh4 Rfe8 14.Bb5 Re4 15.
Nxe4 Nxe4 16.Bxa6 Nxg5 17.Nxg5 Qxa6 18.Qxh7+ Kf8 19.b3 Rd8 20.Rad1 Qd6 21.
Qh4 f6 22.Ne4 Qe5 23.Nxc5 Rxd5 24.Rxd5 Qxd5 25.Qb4 Kg8 26.Qc4 Qxc4 27.bxc4
b6 28.Nb3 Bf8 29.c5 bxc5 30.Rc1 Be6 31.Nxc5 Bxa2 32.Nd7 Be7 33.Ra1 Bd5 34.
Rxa7 Be4 35.Rc7 Kf7 36.Nc5 Bd5 37.Nd3 Be4 38.Nf4 1-0

[Event "69th POL-ch"]
[Site "Warsaw POL"]
[Date "2012.02.26"]
[Round "9"]
[White "Gajewski, Grzegorz"]
[Black "Swiercz, Dariusz"]
[Result "0-1"]
[WhiteElo "2616"]
[BlackElo "2583"]
[EventDate "2012.02.18"]
[PlyCount "72"]

1.d4 Nf6 2.c4 g6 3.Nc3 d5 4.e3 Bg7 5.Qa4+ Nc6 6.Nf3 O-O 7.cxd5 Nxd5 8.Nxd5
Qxd5 9.Bc4 Qd6 10.O-O Bd7 11.Qd1 Rad8 12.Bd2 b5 13.Bb3 e5 14.d5 e4 15.Ng5 
Bf5 16.f3 exf3 17.e4 Bc8 18.dxc6 Qxd2 19.Qxd2 Rxd2 20.Rxf3 Bd4+ 21.Kh1 Kg7
22.Nxf7 Bxb2 23.Raf1 Bg4 24.Rf4 h5 25.h4 Be2 26.R1f2 Bd4 27.Ng5 Rxf4 28.
Rxf4 Bc4 29.Bxc4 bxc4 30.Rf7+ Kg8 31.Rd7 Be3 32.e5 Bxg5 33.hxg5 c3 34.e6 
c2 35.e7 c1=Q+ 36.Kh2 Rxg2+ 0-1

[Event "69th POL-ch"]
[Site "Warsaw POL"]
[Date "2012.02.26"]
[Round "9"]
[White "Jaracz, Pawel"]
[Black "Kuzmicz, Krystian"]
[Result "0-1"]
[WhiteElo "2542"]
[BlackElo "2451"]
[EventDate "2012.02.18"]
[PlyCount "72"]

1.e4 c6 2.d4 d5 3.Nc3 dxe4 4.Nxe4 Bf5 5.Ng3 Bg6 6.h4 h6 7.Nf3 Nd7 8.h5 Bh7
9.Bd3 Bxd3 10.Qxd3 Ngf6 11.Bf4 Qa5+ 12.Bd2 Qc7 13.O-O-O e6 14.Ne4 O-O-O 
15.g3 Nxe4 16.Qxe4 Nf6 17.Qe2 Rd5 18.Ne5 Rxd4 19.Bf4 Re4 20.Qd3 Bc5 21.Ng6
Rxf4 22.Nxf4 Qa5 23.f3 Qxa2 24.c3 Bf2 25.Rh3 a6 26.Qe2 Bb6 27.Rhh1 Kb8 28.
Nd3 Nd5 29.Qe5+ Ka7 30.Rhe1 a5 31.Qxg7 Rd8 32.Qxh6 a4 33.Qg5 a3 34.Kc2 c5 
35.Ra1 Nb4+ 36.cxb4 Qc4+ 0-1

[Event "69th POL-ch"]
[Site "Warsaw POL"]
[Date "2012.02.26"]
[Round "9"]
[White "Duda, Jan-Krzysztof"]
[Black "Strzemiecki, Zbigniew"]
[Result "1/2-1/2"]
[WhiteElo "2380"]
[BlackElo "2402"]
[EventDate "2012.02.18"]
[PlyCount "85"]

1.e4 e6 2.d4 d5 3.Nc3 Nf6 4.Bg5 dxe4 5.Nxe4 Be7 6.Bxf6 gxf6 7.Nf3 f5 8.Nc3
a6 9.g3 b5 10.Bg2 Bb7 11.O-O Bf6 12.Qd2 O-O 13.Rad1 Nd7 14.a4 b4 15.Ne2 a5
16.Nf4 Be4 17.Nh5 Bg7 18.Rfe1 Ra6 19.c4 bxc3 20.bxc3 h6 21.Nxg7 Kxg7 22.d5
Rd6 23.c4 c5 24.Qf4 Nb6 25.Ne5 Bxg2 26.Nc6 Qf6 27.Qxd6 Nxc4 28.Qxc5 Bxd5 
29.Ne7 Bf3 30.Rd4 Nb2 31.Re3 Ba8 32.Rb3 Re8 33.Rxb2 Rxe7 34.Rbd2 Rb7 35.f4
Rb1+ 36.Kf2 Rh1 37.Qe5 Rxh2+ 38.Ke3 Rh3 39.Qxf6+ Kxf6 40.Kf2 Rh2+ 41.Ke3 
Rh3 42.Kf2 Rh2+ 43.Ke3 1/2-1/2

[Event "69th POL-ch"]
[Site "Warsaw POL"]
[Date "2012.02.26"]
[Round "9"]
[White "Kolosowski, Mateusz"]
[Black "Sieciechowicz, Marcin"]
[Result "0-1"]
[WhiteElo "2439"]
[BlackElo "2459"]
[EventDate "2012.02.18"]
[PlyCount "104"]

1.c4 Nf6 2.Nc3 d5 3.cxd5 Nxd5 4.Nf3 g6 5.h4 h6 6.e4 Nxc3 7.dxc3 Qxd1+ 8.
Kxd1 Bg4 9.Kc2 Nc6 10.Bc4 e5 11.Bd5 Bd6 12.Nd2 Ke7 13.Nc4 Be6 14.h5 g5 15.
b4 f5 16.Bxe6 Kxe6 17.exf5+ Kxf5 18.Be3 b5 19.Nxd6+ cxd6 20.Rhd1 Ke6 21.a4
a6 22.Ra2 Ne7 23.Kb3 Rhc8 24.Rda1 Rab8 25.axb5 axb5 26.Ra6 Rc4 27.Bc5 Rd8 
28.R1a5 Nd5 29.Rxb5 Rxc3+ 30.Kb2 Rd3 31.Kc2 e4 32.Rb7 Ke5 33.Ba7 Rc8+ 34.
Kb2 Rcc3 35.Bb8 Rd2+ 36.Kb1 Rb3+ 37.Kc1 Rdb2 38.Rc6 Rb1+ 39.Kd2 R3b2+ 40.
Rc2 Rxc2+ 41.Kxc2 Rxb4 42.Rxb4 Nxb4+ 43.Kd2 Nd5 44.Ba7 Nf6 45.Ke3 Nxh5 46.
Bd4+ Kf5 47.g4+ Kxg4 48.Kxe4 Nf4 49.Bg7 h5 50.f3+ Kg3 51.Bf6 Ne6 52.Kf5 
Kxf3 0-1

[Event "69th POL-ch playoff"]
[Site "Warsaw POL"]
[Date "2012.02.26"]
[Round "10.1"]
[White "Bartel, Mateusz"]
[Black "Macieja, Bartlomiej"]
[Result "1-0"]
[WhiteElo "2658"]
[BlackElo "2617"]
[EventDate "2012.02.20"]
[PlyCount "135"]

1.g3 e5 2.c4 Nf6 3.Bg2 d5 4.cxd5 Nxd5 5.Nc3 Nb6 6.Nf3 Nc6 7.O-O Be7 8.d3 
O-O 9.a3 Be6 10.Be3 Nd5 11.Nxd5 Bxd5 12.Rc1 Re8 13.Qa4 a6 14.Rfd1 Rb8 15.
h4 h6 16.d4 e4 17.Ne5 Qd6 18.Qc2 f5 19.b4 Qe6 20.Nxc6 Bxc6 21.Bf4 Rbc8 22.
Bxc7 Rxc7 23.d5 Qf7 24.d6 Bxd6 25.Rxd6 f4 26.Qc4 Qxc4 27.Rxc4 f3 28.Bf1 
Ree7 29.Rd8+ Kf7 30.exf3 exf3 31.Rf4+ Ke6 32.Bh3+ Ke5 33.Rf5+ Ke4 34.Rc5 
g6 35.h5 Bb5 36.Rxc7 Rxc7 37.hxg6 Ke5 38.Rf8 Bd3 39.Kh2 Bxg6 40.Rxf3 Rc2 
41.Bg2 b5 42.g4 Ra2 43.Kg3 Bb1 44.Re3+ Kd4 45.Bf1 Be4 46.Be2 Ra1 47.Kf4 
Bc2 48.Bf3 Bd3 49.Be4 Bc4 50.Bb7 Ra2 51.Kg3 Bd3 52.Bxa6 Bc4 53.Bc8 Bd3 54.
Bf5 Bc4 55.Rf3 Be2 56.Rb3 Bf1 57.f4 Rg2+ 58.Kf3 Rh2 59.g5 hxg5 60.fxg5 Bc4
61.Rb1 Bd5+ 62.Kg3 Rg2+ 63.Kh4 Ke5 64.Bh3 Ra2 65.Re1+ Kf4 66.Rf1+ Ke5 67.
g6 Rxa3 68.Rf5+ 1-0